000 00881cam a22002653a 4500
001 12493
003 PGUSA
005 20140828083252.0
008 040601s2004||||xxu|||||s|||||000 1 eng d
040 _aPGUSA
_beng
042 _adc
050 4 _aPZ
100 1 _aByrum, Isabel C.
_q(Isabel Coston),
_d1870-1938
245 1 0 _aHow John Became a Man :
_bLife Story of a Motherless Boy
_h[electronic resource] /
_cIsabel C. Byrum
260 _bProject Gutenberg,
_c2004
506 _aPublic domain in the USA.
516 _aElectronic text
653 _aMotherless families -- Juvenile fiction
653 _aChristian life -- Juvenile fiction
653 _aFrontier and pioneer life -- West (U.S.) -- Juvenile fiction
653 _aConduct of life -- Juvenile fiction
830 0 _aProject Gutenberg
_v12493
856 4 0 _uhttp://www.gutenberg.org/ebooks/12493
942 _cEB
999 _c241748
_d241748